Loading...
Sapthaswarangal
| Main Author: | |
|---|---|
| Format: | Printed Book |
| Published: |
1984
|
| LEADER | 003440000a22001090004500 | ||
|---|---|---|---|
| 040 | |a MAL | ||
| 082 | |a A1 NAN/S M4;1 | ||
| 100 | |a Nanukuttan, Kavanalayam | ||
| 245 | |a Sapthaswarangal | ||
| 260 | |c 1984 | ||
| 999 | |c 20071 |d 20071 | ||
| 952 | |0 0 |1 0 |4 0 |6 A_000000000000000_1_NANS_M41 |7 0 |8 MAL |9 19886 |a MGUL |b MGUL |d 2013-07-16 |l 0 |o A1 NAN/S M4;1 |p 04563 |r 2013-07-16 |w 2013-07-16 |y BK | ||